Discrimination Law / (Record no. 191)

MARC details
000 -LEADER
fixed length control field 00719cam a2200229 a 4500
003 - CONTROL NUMBER IDENTIFIER
control field OSt
005 - DATE AND TIME OF LATEST TRANSACTION
control field 20171028155634.0
008 - FIXED-LENGTH DATA ELEMENTS--GENERAL INFORMATION
fixed length control field 051122s2005 enk 001 0 eng
020 ## - INTERNATIONAL STANDARD BOOK NUMBER
International Standard Book Number 0421930004
040 ## - CATALOGING SOURCE
Original cataloging agency UKM
Transcribing agency UKM
Modifying agency BWKUK
-- OCL
-- BAKER
-- DLC
082 04 - DEWEY DECIMAL CLASSIFICATION NUMBER
Classification number 342.085
Edition number 22
Item number CON
100 ## - MAIN ENTRY--PERSONAL NAME
Personal name Connoly Michael.
9 (RLIN) 767
245 00 - TITLE STATEMENT
Title Discrimination Law /
Statement of responsibility, etc Michael Connolly.
250 ## - EDITION STATEMENT
Edition statement 1st ed.
260 ## - PUBLICATION, DISTRIBUTION, ETC. (IMPRINT)
Place of publication, distribution, etc London :
Name of publisher, distributor, etc Sweet and Maxwell,
Date of publication, distribution, etc 2006.
300 ## - PHYSICAL DESCRIPTION
Extent xxxviii, 419 p. ;
Dimensions 25 cm.
490 0# - SERIES STATEMENT
Series statement Professional practice guides
500 ## - GENERAL NOTE
General note Includes index.
650 #0 - SUBJECT ADDED ENTRY--TOPICAL TERM
Topical term or geographic name as entry element Discrimination
General subdivision Law and legislation
Geographic subdivision Ireland.
9 (RLIN) 564
650 #0 - SUBJECT ADDED ENTRY--TOPICAL TERM
Topical term or geographic name as entry element Discrimination in employment
General subdivision Law and legislation
Geographic subdivision Ireland.
9 (RLIN) 565
942 ## - ADDED ENTRY ELEMENTS (KOHA)
Source of classification or shelving scheme Dewey Decimal Classification
Koha item type Books
Holdings
Withdrawn status Lost status Source of classification or shelving scheme Damaged status Not for loan Home library Current library Shelving location Date acquired Total Checkouts Full call number Barcode Date last seen Price effective from Koha item type
    Dewey Decimal Classification     Law Development Centre Main Library Law Development Centre Main Library Text Books and Laws 04/09/2011   342.085 CON 223010 04/09/2011 04/09/2011 Books
    Dewey Decimal Classification     Law Development Centre Main Library Law Development Centre Main Library Text Books and Laws 04/11/2011   3442.085 CON 2011/2688 04/11/2011 04/11/2011 Books